Southern renascence

שמור ב:
מידע ביבליוגרפי
מחבר ראשי: Rubin, Louis
פורמט: ספר
שפה:Undetermined
יצא לאור: Gran Bretaña The Johns Hopkins Press 1953
מהדורה:2
נושאים:
תגים: הוספת תג
אין תגיות, היה/י הראשונ/ה לתייג את הרשומה!

MARC

LEADER 00000nam a2200000Ia 4500
008 170316s9999 xx 000 0 und d
090 |a 801 R-24s 
100 |a Rubin, Louis 
245 |a Southern renascence 
250 |a 2 
260 |a Gran Bretaña 
260 |b The Johns Hopkins Press 
260 |c 1953 
300 |a 450 páginas 
650 |a TEORÍA LITERARIA 
999 |c 20608  |d 20608 
040 |a cru BVZT 
942 |c 15 D  |h 801 R-24s  |2 z